000 004340000a22001690004500
003 MACL
005 20160107170547.0
008 160107b xxu||||| |||| 00| 0 eng d
040 _aMACL
_cMACL
041 _aEnglish
082 _a824/MUL
100 _aMuller, Max F
_924556
245 _aChips from a German Workshop
_bvol 4
260 _bLongman's Green And Co
_c1898
_aBombay
650 _aEssays
_929399
942 _cBK
_k824/MUL
_2ddc
999 _c37411
_d37411